| 000 | 00631nam a22001697a 4500 | ||
|---|---|---|---|
| 082 |
_a823.912 _bDEH |
||
| 100 | _aDehlvi,Shahid Ahmed | ||
| 245 |
_aGanjina-e-Gohar: _bShkshi khakon ka majmoua/ _cShahid Ahmed Dehlvi |
||
| 260 |
_aLahore: _bAl-hamd publications, _c2018. |
||
| 300 |
_a280p.: _c26cm. |
||
| 563 | _aHB | ||
| 650 |
_aShakhsi Khakay. _9129499 |
||
| 880 |
_6100-01\(3\r _aشاہد احمد دہلوی |
||
| 880 |
_6245-02\(3\r _aگنجینہ گوہر (شخصی خاکوں کا مجموعہ)/ _bشاہد احمد دہلوی |
||
| 880 |
_6260-03\(3\r _aلاہور: _bالحمد پبلیکیشنز, |
||
| 942 |
_2ddc _cBK |
||
| 999 |
_c614154 _d614154 |
||